| 000 | 00558nam a2200193Ia 4500 | ||
|---|---|---|---|
| 008 | 191130s1998##################000#0#eng## | ||
| 020 | _a040685159x | ||
| 040 |
_aACL _cACL |
||
| 082 | _a348.4204 VAN | ||
| 245 |
_aThe all England law reports 1998 _cedited by caroline vandridge ames llm |
||
| 260 |
_aLondon _bButterworth & Co _c1998 |
||
| 300 | _a1024 p.; 23 cm. | ||
| 650 | _aLaw- Reports | ||
| 700 | _aVandridge Ames, Caroline | ||
| 710 | _aVandridge ames LLM | ||
| 990 | _a2c8847c1ac10000c77879bde2059bca6 | ||
| 991 | _a402164 | ||
| 999 |
_c300795 _d300795 |
||